Central Library OPAC University of Rajshahi

Nietzsche : (Record no. 31815)

MARC details
000 -LEADER
fixed length control field 00773nam a22002412 4500
001 - CONTROL NUMBER
control field 31815
003 - CONTROL NUMBER IDENTIFIER
rucl marc code BD-RjUL
005 - DATE AND TIME OF LATEST TRANSACTION
control field 20211209051743.0
008 - FIXED-LENGTH DATA ELEMENTS--GENERAL INFORMATION
fixed length control field 140422s1948 enk 000 0 eng d
035 ## - SYSTEM CONTROL NUMBER
System control number (BD-RjUL)31903
040 ## - CATALOGING SOURCE
Original cataloging agency UCW
Transcribing agency UCW
Modifying agency BD-RjUL
Language of cataloging eng
041 ## - LANGUAGE CODE
Language code of text/sound track or separate title eng
082 ## - DEWEY DECIMAL CLASSIFICATION NUMBER
Classification number 193
Author mark and year REN 1948
090 ## - LOCALLY ASSIGNED LC-TYPE CALL NUMBER (OCLC); LOCAL CALL NUMBER (OCLC)
Classification number (OCLC) (R) ; Classification number, CALL (RLIN) (NR) B3316
Local cutter number (OCLC) ; Book number/undivided call number, CALL (RLIN) .R43
100 1# - MAIN ENTRY--PERSONAL NAME
Personal name Reyburn, H. A.
Fuller form of name (Hugh Adam)
9 (RLIN) 96849
245 10 - TITLE STATEMENT
Title Nietzsche :
Remainder of title the story of a human philosopher /
Statement of responsibility, etc. by H. A. Reyburn in collaboration with H. E. Hinderks and J. G. Taylor.
260 ## - PUBLICATION, DISTRIBUTION, ETC. (IMPRINT)
Place of publication, distribution, etc. London :
Name of publisher, distributor, etc. Macmillan,
Date of publication, distribution, etc. 1948.
300 ## - PHYSICAL DESCRIPTION
Pagination viii, 499 p. ;
Size 22 cm.
600 10 - SUBJECT ADDED ENTRY--PERSONAL NAME
Personal name Nietzsche, Friedrich Wilhelm,
Dates associated with a name 1844-1900.
700 1# - ADDED ENTRY--PERSONAL NAME
Personal name Hinderks, H. E.
Personal name Taylor, James Garden,
Dates associated with a name 1897-
942 ## - ADDED ENTRY ELEMENTS (KOHA)
Source of classification or shelving scheme Dewey Decimal Classification
Koha item type Books
Holdings
Lost status Source of classification or shelving scheme Damaged status Not for loan Collection code Permanent Location Current Location Shelving location Date acquired Source of acquisition Cost, normal purchase price Total Checkouts Full call number Date last seen Copy number Koha item type
  Dewey Decimal Classification   Not For Loan Non-fiction Central Library, University of Rajshahi Central Library, University of Rajshahi Reading Room 21/11/1956 B. H. Blackwell 0.12   193 REN 1948 22/04/2014 C-1 Books